Logo

Description automatically generated
विद्यार्जन
 संसाधन केंद्र, भारतीय प्रौद्योगिकी संस्थान इन्दौर
Learning Resource Center, Indian Institute of Technology Indore

ऑनलाइन सार्वजनिक अभिगम प्रसूची
Online Public Access Catalogue (OPAC)

Poetics and politics of sufism and bhakti in South Asia : love, loss and liberation (Record no. 21428)

MARC details
000 -LEADER
fixed length control field 00400nam a2200133Ia 4500
008 - FIXED-LENGTH DATA ELEMENTS--GENERAL INFORMATION
fixed length control field 170106s2011||||xx |||||||||||||| ||und||
020 ## - INTERNATIONAL STANDARD BOOK NUMBER
International Standard Book Number 9788125042976
082 ## - DEWEY DECIMAL CLASSIFICATION NUMBER
Classification number 886
Item number PAN
100 ## - MAIN ENTRY--PERSONAL NAME
Personal name Panjabi, Kavita
245 #0 - TITLE STATEMENT
Title Poetics and politics of sufism and bhakti in South Asia : love, loss and liberation
260 ## - PUBLICATION, DISTRIBUTION, ETC.
Place of publication, distribution, etc. New Delhi
Name of publisher, distributor, etc. Orient Blackswan
Date of publication, distribution, etc. 2011
300 ## - PHYSICAL DESCRIPTION
Extent x, 305p. ; 21.5cm.
942 ## - ADDED ENTRY ELEMENTS (KOHA)
Koha item type Book
Holdings
Withdrawn status Lost status Damaged status Not for loan Home library Current library Shelving location Date acquired Source of acquisition Full call number Barcode Date last seen Price effective from Koha item type
        LRC, IIT Indore LRC, IIT Indore 2nd Floor - General Stack 06/01/2017 PO No. 128 ; Vendor: Bombay Books, Mumbai ; Bill No. IN156, dt.23.06.2012; Price: INR 300 886 PAN 21428 06/01/2017 06/01/2017 Book
Copyright © 2017-2026 Indian Institute of Technology Indore. All Rights Reserved.
Managed & maintained by Learning Resource Center, IIT Indore